[Event "Titled Tuesday intern op 11th Oct Early"]
[Site "Chess.com INT"]
[Date "2022.10.11"]
[Round "3"]
[White "Schut, Han"]
[Black "Cruz Lledo, Pablo"]
[Result "0-1"]
[WhiteElo "2101"]
[BlackElo "2404"]
[PlyCount "56"]
[EventDate "2022.10.11"]
[EventType "swiss (blitz)"]
[EventRounds "11"]
[EventCountry "USA"]
[SourceTitle "EXT 2024"]
[Source "ChessBase"]
[SourceDate "2023.10.10"]
[SourceVersion "1"]
[SourceVersionDate "2023.10.10"]
[SourceQuality "1"]

1. e4 g6 2. d4 Bg7 3. Nc3 d6 4. f4 h5 5. Nf3 Nh6 6. Bd3 Bg4 7. Be3 Nc6 8. d5 Nb8 9. h3 Bxf3 10. Qxf3 Nd7 11. 0-0 c6 12. Rad1 Qc7 13. Rfe1 a6 14. dxc6 bxc6 15. e5 dxe5 16. Be4 Rc8 17. f5 Nxf5 18. Bxf5 gxf5 19. Qxf5 e6 20. Qf3 Bh6 21. Ne4 Bxe3+ 22. Rxe3 f5 23. Nd6+ Ke7 24. Nxc8+ Qxc8 25. Red3 Nf6 26. Qf2 c5 27. Rc3 Ne4 28. Qd2 Nxd2 0-1

[Event "Keres Memorial rap 31st"]
[Site "Tallinn"]
[Date "2022.09.10"]
[Round "1"]
[White "Cruz Lledo, Pablo"]
[Black "Teemae, Leo A"]
[Result "1-0"]
[WhiteElo "2406"]
[BlackElo "1872"]
[PlyCount "57"]
[EventDate "2022.09.10"]
[EventType "swiss (rapid)"]
[EventRounds "11"]
[EventCountry "EST"]
[SourceTitle "CBM 210 Extra"]
[Source "ChessBase"]
[SourceDate "2022.11.30"]
[SourceVersion "1"]
[SourceVersionDate "2022.11.30"]
[SourceQuality "1"]

1. d4 Nf6 2. c4 e6 3. Nc3 Bb4 4. Qc2 c5 5. dxc5 0-0 6. Nf3 Bxc5 7. Bg5 Be7 8. e3 Nc6 9. Be2 d5 10. Rd1 Qa5 11. 0-0 h6 12. Bxf6 Bxf6 13. cxd5 Nb4 14. Qb3 Bxc3 15. Qxc3 exd5 16. a3 Nc6 17. Qxa5 Nxa5 18. Rxd5 b6 19. b4 Be6 20. Rd2 Nc4 21. Bxc4 Bxc4 22. Rc1 Be6 23. Nd4 Rfc8 24. Rdc2 Rxc2 25. Rxc2 a5 26. b5 Rd8 27. Rc6 Bd5 28. Rxb6 Rc8 29. Nc6 1-0

[Event "Montserrat op"]
[Site "Montserrat"]
[Date "2022.09.03"]
[Round "8"]
[White "Cruz Lledo, Pablo"]
[Black "Gonzalvez Tamarit, Ruben"]
[Result "1-0"]
[WhiteElo "2412"]
[BlackElo "2110"]
[PlyCount "91"]
[EventDate "2022.08.29"]
[EventType "swiss"]
[EventRounds "9"]
[EventCountry "ESP"]
[SourceTitle "CBM 210 Extra"]
[Source "ChessBase"]
[SourceDate "2022.11.30"]
[SourceVersion "1"]
[SourceVersionDate "2022.11.30"]
[SourceQuality "1"]

1. d4 f5 2. c4 Nf6 3. Nc3 e6 4. a3 Be7 5. e3 b6 6. Bd3 Bb7 7. f3 c5 8. Nh3 0-0 9. 0-0 Nc6 10. d5 Ne5 11. e4 fxe4 12. fxe4 Nxd3 13. Qxd3 Ng4 14. Bf4 e5 15. Bd2 d6 16. Ne2 Qd7 17. Ng3 g6 18. Ng5 Bxg5 19. Bxg5 h6 20. Bd2 Kh7 21. Rf3 Qg7 22. Raf1 Nf6 23. Qc2 Nd7 24. Rxf8 Rxf8 25. Rxf8 Nxf8 26. Qa4 a5 27. Qe8 Qf6 28. b3 a4 29. Qxa4 Qe7 30. Qa7 Qc7 31. Ne2 Nd7 32. Nc3 Qb8 33. Qxb8 Nxb8 34. Nb5 Bc8 35. h3 Bd7 36. Nxd6 Kg7 37. Kf2 Na6 38. Ke2 Nc7 39. b4 Na6 40. b5 Nc7 41. a4 Na8 42. a5 Kf6 43. axb6 Nxb6 44. Ba5 Ke7 45. Bxb6 Kxd6 46. Ba7 1-0

[Event "Montserrat op"]
[Site "Montserrat"]
[Date "2022.09.03"]
[Round "7"]
[White "Gavarrete, Nahun"]
[Black "Cruz Lledo, Pablo"]
[Result "1/2-1/2"]
[WhiteElo "2323"]
[BlackElo "2412"]
[PlyCount "160"]
[EventDate "2022.08.29"]
[EventType "swiss"]
[EventRounds "9"]
[EventCountry "ESP"]
[SourceTitle "CBM 210 Extra"]
[Source "ChessBase"]
[SourceDate "2022.11.30"]
[SourceVersion "1"]
[SourceVersionDate "2022.11.30"]
[SourceQuality "1"]

1. b3 d5 2. Bb2 Bf5 3. Nf3 e6 4. d3 h6 5. Nbd2 Nf6 6. g3 Be7 7. Bg2 0-0 8. 0-0 a5 9. a3 Bh7 10. Ne5 Nbd7 11. e4 c6 12. Re1 Nxe5 13. Bxe5 Qb6 14. Bb2 Rfe8 15. Qe2 Rad8 16. Kh1 Bg6 17. e5 Nd7 18. f4 a4 19. b4 c5 20. Reb1 cxb4 21. axb4 Qxb4 22. Ra2 b5 23. Ba1 Qa5 24. Nb3 Qa6 25. Nd4 b4 26. f5 Bxf5 27. Nxf5 exf5 28. Bxd5 Bf6 29. Bc4 Qa8+ 30. Qg2 Bxe5 31. Qxa8 Rxa8 32. Rxb4 a3 33. Bxe5 Nxe5 34. Bb5 Reb8 35. Ra4 Rxa4 36. Bxa4 Rb1+ 37. Kg2 Rd1 38. h3 Rd2+ 39. Kg1 Nxd3 40. Rxa3 Nc5 41. c4 Rd3 42. Rxd3 Nxd3 43. Bc2 Ne5 44. c5 Nf3+ 45. Kf2 Nd4 46. Bd3 Kf8 47. Ke3 Ne6 48. Bxf5 Nxc5 49. h4 Ke7 50. Bc8 Kf6 51. Kf3 Ke5 52. Bh3 f5 53. Bf1 Nb3 54. Bd3 Nd2+ 55. Ke2 Ne4 56. Kf3 Nc5 57. Bc2 Ne6 58. Bd3 Nd4+ 59. Ke3 Ne6 60. Kf3 Kf6 61. Bc4 g6 62. Ba2 Ke5 63. Ke3 g5 64. hxg5 hxg5 65. Bc4 Nc5 66. Bb5 Nb7 67. Bc6 Nd6 68. Ba8 Nf7 69. Bb7 Nd8 70. Ba8 Ne6 71. Bc6 g4 72. Kf2 Nc5 73. Kg2 f4 74. gxf4+ Kxf4 75. Bd5 g3 76. Kh3 Nd3 77. Bc6 Nf2+ 78. Kg2 Kg4 79. Bf3+ Kh4 80. Bc6 Ng4 1/2-1/2

[Event "Montserrat op"]
[Site "Montserrat"]
[Date "2022.08.30"]
[Round "3"]
[White "Kovacevic, Slobodan"]
[Black "Cruz Lledo, Pablo"]
[Result "0-1"]
[WhiteElo "2218"]
[BlackElo "2412"]
[PlyCount "118"]
[EventDate "2022.08.29"]
[EventType "swiss"]
[EventRounds "9"]
[EventCountry "ESP"]
[SourceTitle "CBM 210 Extra"]
[Source "ChessBase"]
[SourceDate "2022.11.30"]
[SourceVersion "1"]
[SourceVersionDate "2022.11.30"]
[SourceQuality "1"]

1. d4 Nf6 2. Nf3 e6 3. Bf4 d5 4. e3 Bd6 5. Bg3 0-0 6. Nbd2 b6 7. c3 Bb7 8. Bd3 c5 9. Ne5 Nc6 10. f4 Ne7 11. Qf3 Nf5 12. Bf2 Be7 13. Ng4 Ne8 14. Qh3 Ned6 15. 0-0 Ne4 16. Rfd1 Qc7 17. Ne5 f6 18. Nef3 c4 19. Bc2 Qc8 20. g4 Nfd6 21. Bh4 Qe8 22. Qg2 Kh8 23. Rf1 b5 24. a4 a6 25. Ra2 Bc6 26. axb5 axb5 27. Rfa1 Rxa2 28. Rxa2 Qd7 29. Nxe4 dxe4 30. Nd2 f5 31. Bxe7 Qxe7 32. g5 Bd5 33. Ra6 b4 34. Qf1 bxc3 35. bxc3 h6 36. h4 Rb8 37. Ra2 Qe8 38. Qd1 Nb5 39. Nb1 Bc6 40. Qe2 Nc7 41. Kf2 Nd5 42. Qd1 Rxb1 43. Bxb1 Nxc3 44. Qc1 Nxa2 45. Bxa2 Qh5 46. Bxc4 Qxh4+ 47. Ke2 Bd5 48. Bxd5 Qh2+ 49. Kd1 Qg1+ 50. Kd2 Qxc1+ 51. Kxc1 exd5 52. gxh6 g6 53. Kd2 Kh7 54. Kc3 Kxh6 55. Kb4 g5 56. fxg5+ Kxg5 57. Kc5 f4 58. exf4+ Kxf4 59. Kxd5 e3 0-1

[Event "Viljandi Raud Memorial 56th"]
[Site "Viljandi"]
[Date "2022.07.06"]
[Round "5"]
[White "Cruz Lledo, Pablo"]
[Black "Sadekov, Maksim"]
[Result "1/2-1/2"]
[WhiteElo "2433"]
[BlackElo "1991"]
[PlyCount "238"]
[EventDate "2022.07.03"]
[EventType "swiss"]
[EventRounds "9"]
[EventCountry "EST"]
[SourceTitle "CBM 209 Extra"]
[Source "ChessBase"]
[SourceDate "2022.09.30"]
[SourceVersion "1"]
[SourceVersionDate "2022.09.30"]
[SourceQuality "1"]

1. d4 e6 2. Nf3 f5 3. g3 Nf6 4. Bg2 d5 5. 0-0 Bd6 6. Bf4 0-0 7. c4 Bxf4 8. gxf4 c6 9. Nbd2 Ne4 10. Ne5 Qb6 11. Nb3 Nd7 12. f3 Nef6 13. c5 Qc7 14. Rc1 Nh5 15. Qd2 Rf6 16. e3 Nf8 17. Rc2 Rh6 18. Nc1 Qe7 19. Ncd3 Bd7 20. a4 Be8 21. b4 a6 22. Qf2 Kh8 23. Rb1 g5 24. fxg5 Qxg5 25. Kf1 Nf6 26. Bh1 Ng6 27. f4 Qh5 28. Bf3 Qh3+ 29. Qg2 Ne4 30. Qxh3 Rxh3 31. Kg2 Rh6 32. Nxg6+ Rxg6+ 33. Kf1 Nf6 34. Ne5 Rg7 35. Rg2 Nd7 36. Nd3 Rxg2 37. Kxg2 Nf6 38. Kf2 Kg7 39. Rg1+ Kf8 40. Rb1 Ke7 41. h3 Bf7 42. b5 axb5 43. axb5 Ra2+ 44. Kg3 Be8 45. bxc6 Bxc6 46. Rb3 Nd7 47. h4 Ra5 48. h5 h6 49. Kf2 Bb5 50. Nb4 Bc4 51. Rb2 Nf6 52. Rb1 Rb5 53. Ke1 Kf7 54. Kd2 Ra5 55. Nc2 Ba6 56. Kc3 Ra4 57. Rg1 Rc4+ 58. Kd2 Ra4 59. Rg6 Ng8 60. Kc3 Bc4 61. Rg1 Ra5 62. Rb1 Ra7 63. Rb6 Ne7 64. Rd6 Ra8 65. Rd7 Rb8 66. Na3 Ba6 67. Bd1 Rg8 68. Ba4 Rg3 69. Nb5 Rxe3+ 70. Kd2 Re4 71. Nd6+ Kf6 72. Nxe4+ fxe4 73. Rd8 Nf5 74. Rf8+ Kg7 75. Ra8 e3+ 76. Ke1 Bc4 77. Ra7 Nxd4 78. Rxb7+ Kf6 79. Bd1 Kf5 80. Rf7+ Ke4 81. Rf6 e2 82. Bxe2 Bxe2 83. Kf2 Bb5 84. Rxh6 Kxf4 85. Rh8 Nf5 86. h6 Nxh6 87. Rxh6 Ke5 88. Rh8 d4 89. Rd8 Bc6 90. Ke2 Bb5+ 91. Kd2 Ke4 92. Rd6 Ke5 93. Kc2 Bc4 94. Rd8 Bd5 95. Rd6 Bf3 96. Kd3 Be4+ 97. Kc4 Bd5+ 98. Kb4 Be4 99. Ra6 Kd5 100. Rd6+ Ke5 101. Rd8 Bd5 102. Rd6 Be4 103. Kb5 Bd5 104. Ra6 d3 105. c6 d2 106. c7 d1Q 107. c8Q Qb3+ 108. Ka5 Qa3+ 109. Kb6 Qb4+ 110. Ka7 Qe7+ 111. Kb8 Qb4+ 112. Ka7 Qe7+ 113. Kb6 Qb4+ 114. Kc7 Qc5+ 115. Kd7 Qxc8+ 116. Kxc8 Kd4 117. Ra4+ Bc4 118. Ra5 e5 119. Rxe5 Kxe5 1/2-1/2